| LEADER | 00820nam a2200205 4500 | ||
|---|---|---|---|
| 082 | |a 895.92209 |b L550H | ||
| 100 | |a Lữ Huy Nguyên | ||
| 245 | |a Ấn tượng văn chương |c Lữ Huy Nguyên; Hoàng Tấm lượm lặt, tuyển chọn | ||
| 260 | |a H. |b Văn hóa - Thông tin |c 2000 | ||
| 300 | |a 734 tr. |c 19 cm | ||
| 520 | |a v.v... | ||
| 653 | |a Văn học | ||
| 653 | |a Việt Nam | ||
| 653 | |a Nhà văn | ||
| 653 | |a Chân dung | ||
| 653 | |a Phê bình văn học | ||
| 942 | |2 ddc |c STK0 | ||
| 999 | |c 2299 |d 2299 | ||
| 952 | |0 0 |1 0 |2 ddc |4 0 |6 895_922090000000000_L550H |7 1 |8 800 |9 30979 |a qbu |b qbu |c D5 |d 2014-12-13 |g 72000 |o 895.92209 L550H |p 3800.c1 |r 0000-00-00 |w 2014-12-13 |y STK0 | ||
| 952 | |0 0 |1 0 |2 ddc |4 0 |6 895_922090000000000_L550H |7 0 |8 800 |9 30980 |a qbu |b qbu |c D5 |d 2014-12-13 |g 72000 |o 895.92209 L550H |p 3800.c2 |r 0000-00-00 |w 2014-12-13 |y STK0 | ||